VOĽNÉ AMÍNOKYSELINY SRDCOVÉHO A PRSNÉHO SVALU NETOPIERA OBYČAJNÉHO (MYOTIS MYOTIS) V HIBERNÁCII A V AKTIVITE

Bibliographic Details
Main Authors: Veselovský, Ján (Author), Reháček, Rudolf (Author)
Format: Article
Language:Slovak

MARC

LEADER 00000nab a2200000uu 4500
001 vtls011441784
003 SK-MaSNL
005 20260303123312.0
008 230213|1973 xo |||||||||||||||||slo|
015 |a SNBRB 
035 |a (urnnbn)urn:nbn:sk:snk:ar-0031b7 
035 |a (uuid)3b52f94b-ac6a-49e4-9cdc-cbf1615992cf 
035 |a urn:nbn:sk:snk-abcfy7 
040 |a SNKBUCL  |b slo  |c SNKBUCL  |e AACR2 
041 0 |a slo 
044 |a xo  |c SK 
100 1 |a Veselovský, Ján  |4 aut  |9 5063 
245 1 0 |a VOĽNÉ AMÍNOKYSELINY SRDCOVÉHO A PRSNÉHO SVALU NETOPIERA OBYČAJNÉHO (MYOTIS MYOTIS) V HIBERNÁCII A V AKTIVITE  |c Ján Veselovský, Rudolf Reháček 
700 1 |a Reháček, Rudolf  |4 aut  |9 1139000 
773 0 |t Biológia : časopis Slovenskej akadémie vied  |g Roč. 28, č. 2 (1973), s. 121-125 
954 |a odborná, vedecká literatúra pôvodná (slovenská)  |2 lita 
958 |a OND 
958 |a EUIPO 
958 |a article16 
999 |c 1925018  |d 1926948